Normal view
MARC view
- Crosby, Philip B
Entry Personal Name
001 - CONTROL NUMBER
- control field: 107778
003 - CONTROL NUMBER IDENTIFIER
- control field: NUST
005 - DATE AND TIME OF LATEST TRANSACTION
- control field: 20230126132424.0
008 - FIXED-LENGTH DATA ELEMENTS
- fixed length control field: 230126|| aca||aabn | a|a d
040 ## - CATALOGING SOURCE
- Original cataloging agency: NUST
- Transcribing agency: NUST
100 ## - HEADING--PERSONAL NAME
- Personal name: Crosby, Philip B
670 ## - SOURCE DATA FOUND
- Source citation: Work cat.: (NUST)184557: Crosby, Philip B., Running things :, c1986.
